00373nam a2200121Ia 4500001000400000008004100004082002500045100006500070245005000135260002400185901002700209999001500236834241024s9999 xx 000 0 und d aRD/372.97293/R426i/2 aRepública Dominicana.Secretaría de Estado de Educación 0aIndicadores de Logros, Segundo Nivel Básico bSanto Domingoc2009 a6/12/2010 8:52:55 a.m. c8626d8626